23 Special Administrative Wards of Tokyo, Japan (Highlighted Ward Version) - Statistics

General Stats
  • This quiz has been taken 452 times
  • The average score is 13 of 23
Answers on the Map
Answers color-coded by a green-red scale on the quiz's map according to % correct below.
 
Answer Stats
Answer % Correct
Shibuya
73%
Shinjuku
66%
Edogawa
62%
Minato
62%
Shinagawa
60%
Ota
58%
Chiyoda
57%
Chuo
57%
Kita
56%
Koto
55%
Meguro
55%
Setagaya
54%
Bunkyo
53%
Nakano
53%
Adachi
52%
Nerima
52%
Katsushika
49%
Suginami
49%
Taito
49%
Arakawa
48%
Itabashi
48%
Sumida
47%
Toshima
45%
No matching quizzes found
Score Distribution
Percent of People with Each Score
Percentile by Number Answered
Your Score History
You have not taken this quiz